00613nam a2200181Ia 4500008004100000082001800041100001400059245003100073250000600104260002900110300001700139500002400156650001500180942000700195952010700202952010700309999001500416230524s9999 xx 000 0 und d a612.3812bKHE aL.K.Khera 0aElectrical Machines Design a* aNEW DELHIbKaptionc1998 a12+17.72+1.8 aQuantity Number: 2 aElectrical cBK 00104070aTATCLbTATCLcGENd2023-05-24l0o612.3812 KHEp6527r2023-05-24w2023-05-24yBKzCPEE5301 00104070aTATCLbTATCLcGENd2023-05-24l0o612.3812 KHEp6528r2023-05-24w2023-05-24yBKzCPEE5301 c8746d8746